Österreich nach Buchstabe - P - Statistiken

Allgemein
  • Dieses Quiz wurde 61 mal gespielt
  • Das Durchschnittsergebnis liegt bei 11 aus 20
Antwortstatistiken
Hinweis Antwort % Korrekt
Berühmtes Wiener Orchester mit jährlichem Neujahrskonzert Philharmoniker
78%
Parkanlage in Wien Prater
78%
Rekordtorschütze der österreichischen Fußballnationalmannschaft Polster
68%
Stadtteil von Graz, bekannt für sein Bier Puntigam
68%
Gau von Salzburg, deckungsgleich mit dem Bezirk St. Johann Pongau
65%
Zwetschkenmus oder umgangssprachlich "egal" Powidl
60%
Fußball-Legende "Schneckerl" Prohaska
60%
Gau von Salzburg, deckungsgleich mit dem Bezirk Zell am See Pinzgau
58%
Ehemalige steirische Fahrzeugwerke, später mit Daimler und Steyr fusioniert Puch
58%
Wappentier der Steiermark Panther
55%
Sagengestalt, die den Winter vertreiben soll, vielerorts wird ein solcher Lauf veranstaltet Percht
55%
Glocke des Stephansdoms, die zu Neujahr geläutet wird Pummerin
53%
Größter Gletscher Österreichs Pasterze
48%
Sattel im Grenzübergang Kärnten/Steiermark Pack
45%
Wiener Bezirk mit dem Technischen Museum und Sitz von Rapid Wien Penzing
45%
Höchster Berg Vorarlbergs Piz Buin
43%
Hausberg Schladmings, auf dem jährlich das Ski-Nightrace ausgetragen wird Planai
43%
Hausberg von Bregenz, mit bekannter Seilbahn und Tunnel Pfänder
38%
Berühmter Journalist, bekannt für seine Geschichtsdokus Österreich I & II Portisch
38%
Politisches System der "Allparteienregierung", die in Österreich lange Zeit vorherrschte Proporz
28%
Keine übereinstimmenden Quizze gefunden
Verteilung der Resultate
Anzahl Personen mit jedem Resultat
Perzentil nach korrekt beantworteten Fragen
Ihre Resultats-Entwicklung
Sie haben dieses Quiz noch nicht gespielt